00377nam a2200157Ia 4500008004100000020001500041082001300056100001600069245004200085250000800127260002800135300000900163500002400172650001200196700001100208230524s9999 xx 000 0 und d a818501583X a530bFEY aR.P.Feynman 4aThe Feynman Lectures on Physics Vol-2 a2ND aNEW DELHIbNarosac2003 a1396 aQuantity Number: 4 aPhysics a?et.al